| 000 | 00818 a2200241 4500 | ||
|---|---|---|---|
| 005 | 20251219105834.0 | ||
| 008 | 251219b |||||||| |||| 00| 0 eng d | ||
| 020 | _aPrimus Books | ||
| 037 | _cTB | ||
| 040 |
_aCRL _cCRL |
||
| 041 |
_2eng _aeng |
||
| 084 |
_aO15,1:g 111R5 _qCRL |
||
| 100 |
_aVeluthat, Kesavan _9822080 |
||
| 245 |
_aCLIO Revisits Callipe: _ba historian's excursion to the Kavya literature |
||
| 260 |
_aDelhi, India: _bPrimus Books, _c2025. |
||
| 300 | _ax;248p. | ||
| 365 |
_b995.00 _cINR |
||
| 650 |
_aSanskrit Literature _9857971 |
||
| 650 |
_aSanskrit Poetry _9857972 |
||
| 650 |
_aHistory in Literature _9857973 |
||
| 942 |
_cTB _2CC _n0 _hO15,1:g 111R5 |
||
| 999 |
_c1435861 _d1435861 |
||